000 01149pam a2200217 4500
001 8622
003 OCoLC
005 20181127190403.0
008 991213s2000 at 001 0 eng d
020 _a0409316377
100 1 _aMo, John
245 1 0 _aInternational commercial law /
_cJohn Shijian Mo
250 _a5th ed.
260 _aChatswood, N.S.W. :
_bLexisNexis Butterworths,
_c2013.
300 _axx, 754 p. ;
_c24 cm
500 _aIncludes index
505 _aCONTENTS : Fully updated and now with online teaching and learning support, this is a perfect fit for a one semester course. This book is a popular text designed for both business and law students studying international commercial and trade law. Written by Professor John Mo, an expert in the area, and divided into twelve chapters, the book is ideal for a one semester course. This book is written by an international commercial and trade law expert. It is fully updated to include the latest international developments, case law and legislative changes.
_g
_r
_t
650 0 _aCommercial law
650 0 _aInternational law
999 _c7473
_d7473